| 000 | 02003cam a22004814i 4500 | ||
|---|---|---|---|
| 003 | PE-LiUPU | ||
| 005 | 20250731173032.0 | ||
| 008 | 150623s r 000 0 d | ||
| 020 | _a0674274628 | ||
| 035 | _a(Sirsi) i9780674274624 | ||
| 040 |
_aPE-LiUPU _bspa _cPE-LiUPU _erda |
||
| 049 | _aPRUA | ||
| 082 | 0 | 4 |
_a296.3 _bF57 _221 |
| 100 | 1 |
_aFishbane, Michael A., _eautor. |
|
| 245 | 1 | 4 |
_aThe exegetical imagination: on jewish thought and theology / _cMichael Fishbane. |
| 264 | 1 |
_aCambridge, Massachusetts : _bHarvard University Press, _c1998. |
|
| 300 |
_a235 páginas ; _c23 centímetros |
||
| 336 |
_atext _2rdacontent |
||
| 337 |
_aunmediated _2rdamedia |
||
| 338 |
_avolume _2rdacarrier |
||
| 504 | _aIncluye bibliografía. | ||
| 505 | 0 | _aMidrash and the nature of scipture. -"The holy one sits and roads": mythopoesis and midrashic imagination. -The great gragon battle and talmudic redaction. -The measure and glory of God in ancient midrash. -Misrashic theologies of messianic suffering. -Five stages of jewish myth and mythnaking. -The book of Zohar and exegetical spirituality. -Substitutes for sacrifice in judaism. -Contempation of death in jewish peity. -Joy and jewish spirituality. | |
| 526 | _aSEG42 | ||
| 526 | _aSEG41 | ||
| 526 | _aSEG40 | ||
| 526 | _aSEG39 | ||
| 526 | _aP94 | ||
| 526 | _aP87 | ||
| 526 | _aP86 | ||
| 526 | _aP85 | ||
| 526 | _aP77 | ||
| 526 | _aP76 | ||
| 526 | _aP35 | ||
| 630 |
_aBiblia. _pA.T. _xCrítica, interpretación, etc. |
||
| 650 | 0 | 4 |
_aJudaísmo _xVida espiritual. |
| 650 | 0 | 4 |
_aMidras _xHistoria y crítica. |
| 942 |
_2ddc _cBOOK |
||
| 949 |
_a296.3 F57 _wDEWEY _c1 _i48162 _lCCODEBUL1 _mBUL _r0 _sY _tBOOK _u2015-6-24 _xTEOLOGIA _PP35 _0COMPRA _o.STAFF. Colección General |
||
| 994 |
_aC0 _bPEPRU |
||
| 596 | _a1 | ||
| 999 |
_a296.3 F57 _wDEWEY _c25136 _i48162 _f2021-11-11 _g5 _lCCODEBUL1 _mBUL _r0 _sY _tBOOK _u2015-6-24 _xTEOLOGIA _PP35 _0COMPRA _o.STAFF. Colección General _d25136 |
||
| 980 |
_81 _gALBERTO SANCHEZ Responsable de Automatización |
||